| 000 | 00988nam a2200301Ia 4500 | ||
|---|---|---|---|
| 003 | OSt | ||
| 005 | 20220926010459.0 | ||
| 006 | a|||||r|||| 00| 0 | ||
| 007 | ta | ||
| 008 | 220923b |||||||| |||| 00| 0 eng d | ||
| 020 |
_a9788126518524 _c577.14999999999998 |
||
| 037 |
_b1809, 04/03/2016, Pranami Book Service _cGeneral Book |
||
| 040 |
_aRTL _cRTL _beng |
||
| 041 |
_2eng _aeng |
||
| 082 | _aX:89Q1, L3;P5/TD | ||
| 100 |
_aMAKRIDAKIS Spyros _9126376 |
||
| 245 | 0 | _aForecasting methods and applicaions | |
| 250 | _a3rd | ||
| 260 |
_a New Delhi _bWiley India _c2005 |
||
| 300 |
_axiv, 642p _ccm. |
||
| 490 | _aCritical Concepts in Economics | ||
| 500 | _aBibliography chapterwise | ||
| 650 | _aCommerce | ||
| 700 |
_a HYNDMAN Rob J _9239075 |
||
| 700 | _a WHEELWRIGHT Steven C | ||
| 942 |
_hX:89Q1, L3;P5/TD _cGB _2CC |
||
| 999 |
_c617347 _d617347 |
||